Statistics for Countries of the World by the Largest Bordering Country Quiz - Map

Click here to take the quiz!

General Stats

  • This quiz has been taken 1,360 times
    (726 since last reset)
  • The average score is 129 of 156

Answers on the Map

Answers color-coded by a green-red scale on the quiz's map according to % correct below.
 

Answer Stats

Country% Correct
Azerbaijan | Belarus | China | +11 othersRussia
97%
Canada | MexicoUnited States
97%
Argentina | Bolivia | Colombia | +7 othersBrazil
96%
Libya | Mali | Mauritania | +3 othersAlgeria
92%
Afghanistan | Bhutan | India | +8 othersChina
92%
Iraq | Jordan | Kuwait | +4 othersSaudi Arabia
92%
United StatesCanada
91%
Angola | Burundi | Central African Republic | +6 othersDemocratic Republic
of the Congo
91%
Chad | Egypt | Eritrea | EthiopiaSudan
90%
IrelandUnited Kingdom
90%
Andorra | Belgium | Germany | +5 othersFrance
88%
Botswana | Lesotho | Mozambique | +2 othersSouth Africa
88%
Austria | Czech Republic | Denmark | NetherlandsGermany
87%
Armenia | TurkeyIran
87%
Brazil | ChileArgentina
85%
PortugalSpain
85%
East Timor | Malaysia | Papua New GuineaIndonesia
83%
EcuadorPeru
82%
United KingdomIreland
81%
BangladeshIndia
80%
Algeria | SudanLibya
80%
Bulgaria | Greece | SyriaTurkey
80%
Benin | Burkina FasoNiger
79%
SerbiaRomania
79%
Democratic Republic
of the Congo | Namibia
Angola
77%
Cameroon | NigeriaChad
77%
HaitiDominican Republic
76%
Djibouti | Kenya | SomaliaEthiopia
76%
SwedenNorway
76%
Belize | GuatemalaMexico
74%
South AfricaNamibia
74%
IranPakistan
74%
CambodiaThailand
73%
Saudi ArabiaYemen
73%
San Marino | Slovenia | Vatican CityItaly
72%
Hungary | Moldova | Romania | SlovakiaUkraine
72%
IsraelEgypt
71%
Turkmenistan | UzbekistanKazakhstan
71%
ThailandMyanmar
70%
Costa Rica | HondurasNicaragua
70%
El Salvador | NicaraguaHonduras
69%
Cote d'Ivoire | Guinea | SenegalMali
69%
IndonesiaPapua New Guinea
69%
Bosnia and Herzegovina | Kosovo | MontenegroSerbia
68%
South KoreaNorth Korea
67%
PanamaColombia
66%
Albania | MacedoniaGreece
66%
Ghana | LiberiaCôte d'Ivoire
64%
Dominican RepublicHaiti
64%
CroatiaHungary
62%
BruneiMalaysia
62%
Equatorial Guinea | GabonCameroon
60%
Guinea-Bissau | Sierra LeoneGuinea
57%
MalawiTanzania
57%
TogoBurkina Faso
54%
LebanonSyria
51%
GambiaSenegal
45%
LiechtensteinAustria
43%

Score Distribution

Percentile by Number Answered

Percent of People with Each Score

Your Score History

You have not taken this quiz since the last reset